[Event "COMMONWEALTH CHESS CHAMPIONSHI"]
[Site "Nagpur,India"]
[Date "2008.10.03"]
[Round "8.83"]
[White "Deepthamsh, Reddy  M"]
[Black "Sunyasakta, Satpathy"]
[Result "1-0"]
[WhiteElo "2017"]
[BlackElo "1753"]
[PlyCount "77"]
[EventDate "2008.09.28"]

1. d4 d5 2. Nf3 Nf6 3. c4 e6 4. cxd5 exd5 5. Nc3 Be7 6. Bg5 c6 7. Qc2 Na6 8. a3
Qa5 9. e3 b5 10. Ne5 Bb7 11. Qc1 h6 12. Bh4 g5 13. b4 Nxb4 14. axb4 Qxb4 15.
Nd3 Qd6 16. Bg3 Qd8 17. Be2 a5 18. Qb2 a4 19. O-O a3 20. Qb3 O-O 21. Nc5 Bxc5
22. dxc5 Qa5 23. Bd6 Rfe8 24. Nb1 b4 25. Nxa3 bxa3 26. Qxb7 a2 27. Qxc6 Rec8
28. Qb5 Ne4 29. Qxa5 Rxa5 30. Bg4 Rca8 31. Rfc1 Nd2 32. Bd1 Rb5 33. Bc2 f6 34.
c6 Kf7 35. c7 Nc4 36. Rxa2 Rc8 37. Bg3 Nxe3 38. Be5 fxe5 39. Bf5 1-0

[Event "COMMONWEALTH CHESS CHAMPIONSHI"]
[Site "Nagpur,India"]
[Date "2008.10.03"]
[Round "8.84"]
[White "Patil, Pratik"]
[Black "Monnisha G K"]
[Result "0-1"]
[WhiteElo "2003"]
[BlackElo "1741"]
[PlyCount "94"]
[EventDate "2008.09.28"]

1. e4 c5 2. Nf3 Nc6 3. d4 cxd4 4. Nxd4 Nf6 5. Nc3 e5 6. Ndb5 d6 7. Bg5 a6 8.
Na3 b5 9. Nd5 Be7 10. Bxf6 Bxf6 11. c3 O-O 12. Nc2 Bg5 13. Nce3 Bxe3 14. Nxe3
Be6 15. Be2 Ne7 16. Bf3 Qc7 17. O-O Rfd8 18. Qd2 Kh8 19. a4 g6 20. Be2 Qb7 21.
Qd3 bxa4 22. Rxa4 Bc8 23. Qc2 a5 24. Rxa5 f5 25. exf5 gxf5 26. Rfa1 Nc6 27.
R5a4 Rg8 28. Ba6 Qg7 29. Bxc8 Raxc8 30. Qxf5 Rcf8 31. Qe4 Qf7 32. f3 Ne7 33.
Kf2 Qe6 34. Ra7 d5 35. Qh4 Rf7 36. R1a6 Qc8 37. Qh5 Rfg7 38. Ra8 Qb7 39. Rxg8+
Nxg8 40. Ra5 Qxb2+ 41. Kg1 Qxc3 42. Ra2 Qxe3+ 43. Kf1 Qd3+ 44. Kf2 Qd4+ 45. Ke1
Qg1+ 46. Ke2 Rxg2+ 47. Kd3 Qd4# 0-1

[Event "COMMONWEALTH CHESS CHAMPIONSHI"]
[Site "Nagpur,India"]
[Date "2008.10.03"]
[Round "8.85"]
[White "Shweta, Gole"]
[Black "Mohapatra, Sidhant"]
[Result "0-1"]
[WhiteElo "1784"]
[BlackElo "1995"]
[PlyCount "110"]
[EventDate "2008.09.28"]

1. d4 d5 2. c4 e6 3. Nc3 Nf6 4. Nf3 Be7 5. Bg5 O-O 6. e3 h6 7. Bh4 Nbd7 8. Bd3
dxc4 9. Bxc4 Nd5 10. Bg3 N7f6 11. O-O b6 12. Qc2 Bb7 13. Nxd5 exd5 14. Bd3 c5
15. Qe2 Ne4 16. Rfd1 Nxg3 17. hxg3 c4 18. Bc2 Bd6 19. Nh4 g6 20. Qg4 h5 21. Qe2
Kg7 22. Rac1 Be7 23. Nf3 Rh8 24. Ne5 Bf6 25. Qf3 Qe7 26. Qf4 h4 27. Ng4 hxg3
28. Qxg3 Rh5 29. Nxf6 Qxf6 30. Kf1 Ba6 31. Ke1 Qc6 32. f3 Qb5 33. Rb1 c3 34.
Bd3 Qa4 35. a3 Qb3 36. Rbc1 cxb2 37. Rc7 Bxd3 38. Qf4 Qxd1+ 39. Kxd1 b1=Q+ 40.
Kd2 Rf5 41. Qd6 Bc4 42. Qc6 Qd3+ 43. Kc1 Qc3+ 44. Kd1 Bb3+ 45. Ke2 Qxc6 46.
Rxc6 Bc4+ 47. Kd2 b5 48. a4 bxa4 49. e4 Rf6 50. Rc5 Bb3 51. exd5 a3 52. Kc3 Rb6
53. Ra5 a2 54. Kd2 Bxd5 55. Ke3 Re8+ 0-1

[Event "COMMONWEALTH CHESS CHAMPIONSHI"]
[Site "Nagpur,India"]
[Date "2008.10.03"]
[Round "8.87"]
[White "Ranasinghe, S D."]
[Black "Pradip Tiwari"]
[Result "1-0"]
[WhiteElo "1796"]
[BlackElo "1960"]
[PlyCount "100"]
[EventDate "2008.09.28"]

1. c4 Nf6 2. Nf3 e6 3. g3 Be7 4. Bg2 O-O 5. Nc3 d5 6. cxd5 exd5 7. O-O b6 8. d4
Bb7 9. b3 Na6 10. Bb2 c5 11. dxc5 bxc5 12. e3 Nc7 13. Rc1 Rb8 14. Ba1 Ne6 15.
Na4 Bc6 16. Nb2 Qb6 17. Ne5 Bb5 18. Re1 Rfd8 19. Nbd3 c4 20. Nf4 Nxf4 21. exf4
Bc5 22. Qc2 Bb4 23. Red1 c3 24. Bxc3 Rbc8 25. Qb2 Bxc3 26. Rxc3 Rxc3 27. Qxc3
d4 28. Qc1 h6 29. Qb1 Be2 30. Rd2 Bb5 31. Qd1 Rd6 32. Nf3 d3 33. Ne5 Qd4 34.
Nf3 Qc3 35. Ne5 Qd4 36. Qe1 Ba6 37. Kh1 Re6 38. Bh3 Bb7+ 39. Kg1 Re8 40. Rxd3
Rxe5 41. fxe5 Qxd3 42. exf6 Qd5 43. Kf1 Qh1+ 44. Ke2 Qf3+ 45. Kf1 Ba6+ 46. Kg1
Bb7 47. Kf1 Qxf6 48. Bg2 Ba6+ 49. Kg1 g6 50. h3 Bb5 {Score Sheet is illigible}
1-0

[Event "COMMONWEALTH CHESS CHAMPIONSHI"]
[Site "Nagpur,India"]
[Date "2008.10.03"]
[Round "8.88"]
[White "Soumya, Shrivastava"]
[Black "Shristi, J  Shetty"]
[Result "0-1"]
[WhiteElo "1768"]
[BlackElo "1959"]
[PlyCount "66"]
[EventDate "2008.09.28"]

1. e4 c5 2. c3 d5 3. exd5 Qxd5 4. d4 Nf6 5. Nf3 Bg4 6. Be2 Nc6 7. h3 Bh5 8. O-O
e6 9. Be3 cxd4 10. cxd4 Be7 11. Nc3 Qd6 12. Qc2 O-O 13. Rfd1 a6 14. Qb3 b5 15.
a3 Rac8 16. Rac1 Rfd8 17. Qa2 Na5 18. Rd2 Nc4 19. Bxc4 Rxc4 20. Ne5 Rc7 21. Bf4
Nd5 22. Bh2 Qb6 23. g4 Bg5 24. Rcd1 Bxd2 25. Nxd5 Rxd5 26. Rxd2 Rc1+ 27. Kg2
Bg6 28. Nf3 Be4 29. Qb3 Rxd4 30. Qe3 Bxf3+ 31. Kxf3 Qc6+ 32. Kg3 Qd6+ 33. Kg2
Qd5+ 0-1

[Event "COMMONWEALTH CHESS CHAMPIONSHI"]
[Site "Nagpur,India"]
[Date "2008.10.03"]
[Round "8.89"]
[White "Lolla, Sembhu"]
[Black "Meghna, C H."]
[Result "1-0"]
[WhiteElo "1945"]
[BlackElo "1729"]
[PlyCount "145"]
[EventDate "2008.09.28"]

1. e3 e5 2. g3 d5 3. Bg2 Nf6 4. Ne2 Nc6 5. d4 e4 6. O-O Bd6 7. c4 Be6 8. Nbc3
Bb4 9. cxd5 Bxd5 10. Nxd5 Qxd5 11. a3 Be7 12. Nc3 Qd7 13. Nxe4 Nxe4 14. Bxe4
O-O 15. b4 a6 16. Bb2 Bf6 17. Qf3 Rfe8 18. Rac1 Rad8 19. Bxc6 bxc6 20. Qxc6
Qxc6 21. Rxc6 Rc8 22. Rfc1 Re7 23. R1c2 Kf8 24. d5 Bxb2 25. Rxb2 Ra8 26. Rbc2
Ra7 27. d6 cxd6 28. Rxd6 g6 29. Rcc6 a5 30. b5 Rab7 31. b6 Kg7 32. Rd5 Re6 33.
Rxe6 fxe6 34. Rxa5 Rxb6 35. a4 Rb1+ 36. Kg2 Kf6 37. h4 Ra1 38. g4 h6 39. e4 Re1
40. e5+ Kf7 41. f4 Re2+ 42. Kf3 Rh2 43. Ra7+ Kf8 44. Kg3 Ra2 45. f5 gxf5 46.
gxf5 exf5 47. e6 Re2 48. Kf4 Rxe6 49. Kxf5 Re1 50. h5 Kg8 51. a5 Ra1 52. a6
Ra5+ 53. Kg6 Rg5+ 54. Kxh6 Ra5 55. Kg6 Kf8 56. h6 Ra1 57. h7 Rg1+ 58. Kf5 Rf1+
59. Ke4 Re1+ 60. Kd3 Rd1+ 61. Ke2 Rh1 62. h8=Q+ Rxh8 63. Ra8+ Kg7 64. Rxh8 Kxh8
65. a7 Kg7 66. a8=Q Kf7 67. Qc6 Ke7 68. Ke3 Kf7 69. Ke4 Ke7 70. Kf5 Kf7 71.
Qd7+ Kg8 72. Kf6 Kh8 73. Qg7# 1-0

[Event "COMMONWEALTH CHESS CHAMPIONSHI"]
[Site "Nagpur,India"]
[Date "2008.10.03"]
[Round "8.90"]
[White "Navya Vyshnavi Mannepalli"]
[Black "Wijesuriya, G V."]
[Result "1-0"]
[WhiteElo "1752"]
[BlackElo "1941"]
[PlyCount "83"]
[EventDate "2008.09.28"]

1. g3 d5 2. Bg2 Nf6 3. e3 c6 4. Ne2 e5 5. d4 Bd6 6. b3 Nbd7 7. c4 dxc4 8. bxc4
exd4 9. exd4 Bb4+ 10. Nbc3 Qa5 11. Qb3 O-O 12. O-O Re8 13. a3 Bxc3 14. Nxc3 Qh5
15. Bd2 Nf8 16. Rfe1 Bh3 17. Qxb7 Bxg2 18. Kxg2 Rab8 19. Qxc6 Rb2 20. Rxe8 Nxe8
21. Qxe8 Rxd2 22. Nd5 h6 23. h3 Kh7 24. Nf4 Qf5 25. Qxf8 Qe4+ 26. Kg1 Qxd4 27.
Rf1 Qxc4 28. Nh5 Qd4 29. Qxf7 Rd3 30. Re1 Rd1 31. Qf5+ Kg8 32. Rxd1 Qxd1+ 33.
Kg2 Qb3 34. Qe5 Qb7+ 35. Kh2 Qf7 36. Nf4 Kh8 37. Qe6 Qb7 38. Ng6+ Kh7 39. Qf5
Qb2 40. Ne7+ Kh8 41. Qf8+ Kh7 42. Qg8# 1-0

[Event "COMMONWEALTH CHESS CHAMPIONSHI"]
[Site "Nagpur,India"]
[Date "2008.10.03"]
[Round "8.91"]
[White "Naresh Kantode"]
[Black "R  K  Gupta"]
[Result "0-1"]
[WhiteElo "1718"]
[BlackElo "1935"]
[PlyCount "23"]
[EventDate "2008.09.28"]

1. e4 e5 2. Nf3 Nc6 3. Bb5 Bc5 4. c3 Qe7 5. O-O a6 6. Ba4 b5 7. Bc2 Nf6 8. d4
Bb6 9. Bg5 h6 10. Bh4 d6 11. h3 g5 12. Bg3 {Score Sheet is not Clear} 0-1

[Event "COMMONWEALTH CHESS CHAMPIONSHI"]
[Site "Nagpur,India"]
[Date "2008.10.03"]
[Round "8.92"]
[White "Raghav, srivathsav V"]
[Black "Ayush Jugele"]
[Result "0-1"]
[WhiteElo "1686"]
[BlackElo "1904"]
[PlyCount "78"]
[EventDate "2008.09.28"]

1. d4 d5 2. c4 Nc6 3. e3 e5 4. dxe5 d4 5. exd4 Qxd4 6. Qxd4 Nxd4 7. Bd3 Be6 8.
b3 O-O-O 9. Be3 Nxb3 10. axb3 Rxd3 11. Nd2 Bb4 12. Rb1 Ne7 13. Ngf3 Rhd8 14.
O-O Rxe3 15. fxe3 Bxd2 16. Nxd2 Rxd2 17. Rfd1 Rxd1+ 18. Rxd1 Nc6 19. Ra1 a6 20.
h3 Nxe5 21. Kf2 c5 22. Ke2 Kc7 23. e4 Nc6 24. Ke3 Nd4 25. Rb1 b5 26. cxb5 axb5
27. b4 Nc2+ 28. Kd2 Nxb4 29. Ke3 Kb6 30. g4 Nc6 31. Kf4 c4 32. Ke3 b4 33. Kd2
c3+ 34. Kc1 b3 35. g5 Nb4 36. Rxb3 Bxb3 37. h4 Nd3+ 38. Kb1 c2+ 39. Ka1 c1=Q#
0-1

[Event "COMMONWEALTH CHESS CHAMPIONSHI"]
[Site "Nagpur,India"]
[Date "2008.10.03"]
[Round "8.93"]
[White "Sweety, Patel"]
[Black "Prajapati, Malhar"]
[Result "1-0"]
[WhiteElo "1902"]
[BlackElo "1598"]
[PlyCount "57"]
[EventDate "2008.09.28"]

1. e4 e5 2. Nf3 Nc6 3. Bc4 Nf6 4. Ng5 d5 5. exd5 Na5 6. Bb5+ c6 7. dxc6 bxc6 8.
Qf3 Rb8 9. Bxc6+ Nxc6 10. Qxc6+ Nd7 11. Nf3 Bb7 12. Qc3 Rc8 13. Qe3 Bc5 14. Qe2
O-O 15. d3 f5 16. O-O e4 17. Ng5 Qf6 18. dxe4 fxe4 19. Nc3 Rce8 20. Qc4+ Kh8
21. Kh1 e3 22. Nce4 Rxe4 23. Nxe4 Qc6 24. Bxe3 Ba6 25. Qc3 Bxf1 26. Rxf1 Qxe4
27. Bxc5 Rc8 28. Rd1 Re8 29. Bxa7 1-0

[Event "COMMONWEALTH CHESS CHAMPIONSHI"]
[Site "Nagpur,India"]
[Date "2008.10.03"]
[Round "8.95"]
[White "Sharath, E."]
[Black "Simantini Huchche"]
[Result "0-1"]
[WhiteElo "1897"]
[BlackElo "1588"]
[PlyCount "82"]
[EventDate "2008.09.28"]

1. Nf3 d6 2. d4 g6 3. c4 Bg7 4. Nc3 Nf6 5. g3 b6 6. Bg2 Bb7 7. O-O Nbd7 8. Bg5
O-O 9. Qd2 e6 10. Rfe1 c5 11. d5 exd5 12. cxd5 Re8 13. e4 a6 14. a3 b5 15. h3
Qb6 16. Bh6 c4 17. Bxg7 Kxg7 18. Nd4 Nc5 19. Qg5 Qd8 20. f4 Nd3 21. Re2 Qb6 22.
Kh2 Qxd4 23. Rd1 Qb6 24. e5 dxe5 25. fxe5 Nd7 26. e6 fxe6 27. dxe6 Bxg2 28.
exd7 Rxe2 29. Nxe2 Bf3 30. Qe7+ Kg8 31. Qe8+ Kg7 32. Qe7+ Kh6 33. Qh4+ Bh5 34.
g4 Rf8 35. Nf4 Qc7 36. d8=Q Qxf4+ 37. Kg1 Qe3+ 38. Kh1 Qf3+ 39. Kh2 Qe2+ 40.
Kg1 Qxd1+ 41. Kg2 Qe2+ 0-1

[Event "COMMONWEALTH CHESS CHAMPIONSHI"]
[Site "Nagpur,India"]
[Date "2008.10.03"]
[Round "8.96"]
[White "Megha Gupta"]
[Black "Srivastava, V K."]
[Result "0-1"]
[WhiteElo "1643"]
[BlackElo "1891"]
[PlyCount "132"]
[EventDate "2008.09.28"]

1. d4 g6 2. c4 Bg7 3. Nc3 Nf6 4. e4 d6 5. Nf3 O-O 6. Be2 c6 7. O-O Nbd7 8. h3
a6 9. Be3 Qc7 10. Rc1 e5 11. d5 c5 12. a3 Qd8 13. Qd2 Nh5 14. Nh2 f6 15. Bxh5
gxh5 16. Ne2 f5 17. exf5 Nf6 18. Qd1 Qe8 19. Qc2 e4 20. Bf4 Qd7 21. Ng3 h4 22.
Nxe4 Qxf5 23. Nxf6+ Qxf6 24. Be3 Bf5 25. Qd2 Qg6 26. Kh1 h5 27. Rg1 Rae8 28. b3
Kh7 29. Bg5 Rg8 30. Bxh4 Bh6 31. f4 Re4 32. Rcf1 Rge8 33. Qc1 Re3 34. Rf3 Re2
35. Rf2 R2e3 36. b4 b6 37. Rf3 Re2 38. Rg3 Qf7 39. bxc5 bxc5 40. Bg5 Rc2 41.
Qf1 Bg7 42. Nf3 Ree2 43. Bh4 Qe8 44. Rg5 Bd3 45. Ne1 Rc1 46. Qf3 Bg6 47. f5 Bf7
48. f6 Bh6 49. Rf5 Rexe1 50. Bxe1 Rxe1 51. Rxe1 Qxe1+ 52. Qf1 Qxf1+ 53. Rxf1
Kg6 54. Rb1 Kxf6 55. Rb6 Ke5 56. Rxa6 Bd2 57. Ra7 Bg6 58. Re7+ Kd4 59. Re6 Bd3
60. Rxd6 Bxc4 61. Rd7 Bxd5 62. Rh7 c4 63. Rxh5 c3 64. Rh7 c2 65. Rc7 Bc3 66.
Rxc3 Kxc3 0-1

[Event "COMMONWEALTH CHESS CHAMPIONSHI"]
[Site "Nagpur,India"]
[Date "2008.10.03"]
[Round "8.99"]
[White "Harshal, Shahi"]
[Black "Mehta, Praful"]
[Result "0-1"]
[WhiteElo "1706"]
[BlackElo "2084"]
[PlyCount "60"]
[EventDate "2008.09.28"]

1. e4 b6 2. d4 Bb7 3. Nc3 e6 4. a3 Nf6 5. Bd3 d5 6. e5 Nfd7 7. Nce2 c5 8. c3
Nc6 9. Nf3 Be7 10. Ng3 Qc7 11. Bc2 O-O-O 12. Bg5 f6 13. exf6 gxf6 14. Bh6 Kb8
15. O-O e5 16. Nf5 e4 17. N3h4 Bd6 18. h3 Ne7 19. Ng7 Nf8 20. Qd2 Bc8 21. b4 c4
22. a4 Nfg6 23. g3 Nxh4 24. gxh4 Bxh3 25. Rae1 Nf5 26. Nxf5 Rhg8+ 27. Ng3 Bxg3
28. fxg3 Qxg3+ 29. Kh1 Bg2+ 30. Kg1 Bf3+ 0-1

[Event "COMMONWEALTH CHESS CHAMPIONSHI"]
[Site "Nagpur,India"]
[Date "2008.10.03"]
[Round "8.100"]
[White "Ashwini U"]
[Black "Anuja Bombatkar"]
[Result "0-1"]
[WhiteElo "1693"]
[BlackElo "1927"]
[PlyCount "120"]
[EventDate "2008.09.28"]

1. e4 c6 2. d4 d5 3. exd5 cxd5 4. c4 Nf6 5. Nc3 e6 6. Nf3 Nc6 7. cxd5 Nxd5 8.
Bd3 Be7 9. O-O O-O 10. Re1 Nf6 11. a3 b6 12. Bc2 Bb7 13. Qd3 g6 14. Bh6 Re8 15.
Rad1 Ng4 16. Bf4 Nf6 17. h3 Nd5 18. Bh6 Rc8 19. Nxd5 Qxd5 20. Bb3 Qh5 21. Bf4
Bf6 22. d5 exd5 23. Rxe8+ Rxe8 24. Bxd5 Rd8 25. g4 Qxh3 26. g5 Qg4+ 27. Bg3 Be7
28. Qb3 Na5 29. Bxf7+ Kf8 30. Rxd8+ Bxd8 31. Qb5 Bc6 32. Qd3 Qxf3 33. Qxd8+
Kxf7 34. Qc7+ Ke6 35. Qe5+ Kf7 36. Qc7+ Kg8 37. Qc8+ Qf8 38. Qe6+ Qf7 39. Qd6
Qd7 40. Qb8+ Qe8 41. Qxe8+ Bxe8 42. Bb8 Nc6 43. Bg3 Kf7 44. b4 b5 45. f4 Ke6
46. Bf2 a6 47. Kg2 Kf5 48. Be3 Ne7 49. Kg3 Nd5 50. Bc1 Bc6 51. Bd2 Nb6 52. Be3
Nc4 53. Bc1 Ke4 54. Kg4 Bd7+ 55. Kg3 Kd3 56. f5 Bxf5 57. Bf4 Nxa3 58. Bd6 Kc4
59. Kf4 Nc2 60. Bc5 Nxb4 0-1

[Event "Commonwealth Chess Championship 2008"]
[Site "Nagpur India"]
[Date "2008.10.04"]
[Round "?"]
[White "Abhijit, Kunte"]
[Black "Jayaram, Ashwin"]
[Result "1/2-1/2"]
[WhiteElo "2554"]
[BlackElo "2436"]
[PlyCount "82"]
[EventDate "2008.09.28"]
[Source "MonRoi"]

1. d4 d5 2. c4 c6 3. Nc3 e6 4. Nf3 dxc4 5. a4 Bb4 6. g3 c5 7. Be3 Nf6 8. dxc5
Nd5 9. Bd2 Na6 10. e4 Nxc3 11. bxc3 Ba5 12. Bxc4 Nxc5 13. Qe2 O-O 14. O-O Bd7
15. Bb5 a6 16. Bxd7 Qxd7 17. Ne5 Qc7 18. Nc4 f6 19. Bf4 e5 20. Be3 Bxc3 21.
Rac1 Bd4 22. Nxe5 Qxe5 23. Qc4+ Ne6 24. Bxd4 Qxe4 25. Rfe1 Qxd4 26. Qxe6+ Kh8
27. Rc7 Qxa4 28. Rxb7 a5 29. Re4 Qa1+ 30. Kg2 f5 31. Re5 f4 32. Qe7 f3+ 33. Kh3
Rg8 34. Rh5 Qf1+ 35. Kg4 Qc4+ 36. Kh3 Qf1+ 37. Kg4 Qc4+ 38. Kh3 Rae8 39. Qf7
Re6 40. Re7 Rc6 41. Qxc4 Rxc4 1/2-1/2

[Event "Commonwealth Chess Championship 2008"]
[Site "Nagpur India"]
[Date "2008.10.04"]
[Round "?"]
[White "R R, Laxman"]
[Black "Arghyadip, Das"]
[Result "1-0"]
[WhiteElo "2498"]
[BlackElo "2404"]
[PlyCount "86"]
[EventDate "2008.09.28"]
[Source "MonRoi"]

1. Nf3 Nf6 2. c4 g6 3. Nc3 d5 4. cxd5 Nxd5 5. e4 Nxc3 6. bxc3 Bg7 7. d4 c5 8.
Be3 Qa5 9. Qd2 O-O 10. Rc1 Rd8 11. d5 e6 12. c4 Qxd2+ 13. Nxd2 b6 14. Be2 Na6
15. O-O Bd7 16. a3 Nc7 17. Rb1 Be8 18. Bf4 e5 19. Bg5 f6 20. Be3 Bd7 21. f4 Bh6
22. g4 Ne8 23. h4 Nd6 24. g5 Bg7 25. fxe5 fxe5 26. h5 gxh5 27. Bxh5 Rf8 28. Kg2
Rxf1 29. Rxf1 Rf8 30. Ra1 Nb7 31. Kg3 Bh8 32. Bg4 Bxg4 33. Kxg4 Bg7 34. a4 Na5
35. Rb1 Rf7 36. Rc1 Nb7 37. Nf1 Nd6 38. Nd2 Nb7 39. Rb1 Na5 40. Rb5 Bf8 41.
Rxa5 bxa5 42. Nf3 Bd6 43. Nh4 Bf8 1-0

[Event "Commonwealth Chess Championship 2008"]
[Site "Nagpur India"]
[Date "2008.10.04"]
[Round "?"]
[White "Niaz, Murshed"]
[Black "Dibyendu, Barua"]
[Result "1/2-1/2"]
[WhiteElo "2437"]
[BlackElo "2497"]
[PlyCount "86"]
[EventDate "2008.09.28"]
[Source "MonRoi"]

1. d4 d5 2. c4 e6 3. Nf3 c6 4. Nc3 f5 5. e3 Nf6 6. Be2 Nbd7 7. O-O Bd6 8. b3
O-O 9. Ng5 Qe7 10. f4 Ne4 11. Ncxe4 fxe4 12. Bd2 b6 13. Be1 Nf6 14. Nh3 Bb7 15.
g4 c5 16. g5 Nd7 17. cxd5 Bxd5 18. Bc3 cxd4 19. Bxd4 Nb8 20. Bb5 Nc6 21. Bxc6
Bxc6 22. Qe2 Bb7 23. Rad1 Rad8 24. Bb2 Bc5 25. Nf2 Rxd1 26. Rxd1 Rd8 27. Rxd8+
Qxd8 28. Qd1 Qxd1+ 29. Nxd1 Ba6 30. Bd4 Bb4 31. Bc3 Ba3 32. Bb2 Bxb2 33. Nxb2
Kf7 34. Nd1 Kg6 35. Kf2 Kf5 36. Kg3 e5 37. h4 Bd3 38. fxe5 Kxe5 39. Nc3 h6 40.
gxh6 gxh6 41. b4 Kf5 42. a3 Bc4 43. Nd1 Be2 1/2-1/2

[Event "Commonwealth Chess Championship 2008"]
[Site "Nagpur India"]
[Date "2008.10.04"]
[Round "?"]
[White "Chakkravarthy J, Deepan"]
[Black "Ponnuswamy, Konguvel"]
[Result "1/2-1/2"]
[WhiteElo "2464"]
[BlackElo "2415"]
[PlyCount "127"]
[EventDate "2008.09.28"]
[Source "MonRoi"]

1. e4 c5 2. Nf3 d6 3. d4 cxd4 4. Nxd4 Nf6 5. Nc3 g6 6. Be3 Bg7 7. f3 O-O 8. Qd2
Nc6 9. Bc4 Bd7 10. O-O-O Rc8 11. Bb3 Ne5 12. Kb1 Nc4 13. Bxc4 Rxc4 14. g4 b5
15. b3 b4 16. bxc4 bxc3 17. Qxc3 Qc7 18. g5 Nh5 19. Ka1 f5 20. Bc1 fxe4 21.
fxe4 Bg4 22. Rd2 Qc5 23. Bb2 Qxg5 24. Rb1 Rf4 25. c5 Qxc5 26. Qxc5 dxc5 27. Nc6
Rxe4 28. Bxg7 Nxg7 29. Rb7 Kf7 30. Rxa7 Nf5 31. Ra5 c4 32. Ne5+ Kf6 33. Nxg4+
Rxg4 34. Re2 Rf4 35. Ra6+ Kg5 36. Kb2 Kg4 37. a4 Kf3 38. Re5 Rh4 39. Rc6 Rxh2
40. Rxc4 Rd2 41. a5 h5 42. a6 Rd7 43. Ra4 Ra7 44. Rb5 Nd6 45. Rg5 h4 46. Rxg6
h3 47. Ra3+ Kf2 48. Rxh3 Rxa6 49. Rgg3 Nc4+ 50. Kb1 e5 51. Rc3 Ra4 52. Rh2+ Ke1
53. Rh1+ Ke2 54. Rh2+ Ke1 55. Rch3 e4 56. Rh1+ Kd2 57. R1h2+ Kd1 58. Rh1+ Kd2
59. R3h2+ Kc3 60. Rd1 Ne5 61. Re2 Rb4+ 62. Kc1 Ra4 63. Re3+ Nd3+ 64. Rdxd3+
1/2-1/2

[Event "Commonwealth Chess Championship 2008"]
[Site "Nagpur India"]
[Date "2008.10.04"]
[Round "?"]
[White "M R, Venkatesh"]
[Black "Saha, Suvrajit"]
[Result "1-0"]
[WhiteElo "2462"]
[BlackElo "2367"]
[PlyCount "63"]
[EventDate "2008.09.28"]
[Source "MonRoi"]

1. Nf3 c5 2. e4 d6 3. d4 cxd4 4. Nxd4 Nf6 5. Nc3 a6 6. Bg5 e6 7. f4 Nbd7 8. Qe2
Qc7 9. O-O-O b5 10. f5 e5 11. Nd5 Nxd5 12. exd5 Nf6 13. Bxf6 gxf6 14. Nc6 Bxf5
15. Qf2 Qd7 16. Bd3 Bxd3 17. Rxd3 f5 18. Rf3 f4 19. Kb1 Bh6 20. Qh4 Bg7 21. g3
f5 22. gxf4 O-O 23. Rg1 Kh8 24. Ne7 Rf7 25. Rh3 Bh6 26. Ng6+ hxg6 27. Rxg6 Rg7
28. Rxh6+ Kg8 29. Rh8+ Kf7 30. Qh5+ Ke7 31. Rg3 Rxg3 32. Rh7+ 1-0

[Event "Commonwealth Chess Championship 2008"]
[Site "Nagpur India"]
[Date "2008.10.04"]
[Round "?"]
[White "M  S, Thejkumar"]
[Black "D P, Singh"]
[Result "1/2-1/2"]
[WhiteElo "2441"]
[BlackElo "2299"]
[PlyCount "88"]
[EventDate "2008.09.28"]
[Source "MonRoi"]

1. d4 Nf6 2. Nf3 e6 3. c4 b6 4. g3 Bb7 5. Bg2 c5 6. d5 exd5 7. Nh4 g6 8. cxd5
Bg7 9. O-O O-O 10. Nc3 d6 11. Re1 Nbd7 12. e4 a6 13. f4 Re8 14. Bd2 b5 15. b3
Nb6 16. a3 Qd7 17. Rc1 a5 18. a4 b4 19. Nb5 Ba6 20. Nxd6 Qxd6 21. e5 Qd7 22.
exf6 Bxf6 23. Nf3 Qd6 24. Ne5 Rac8 25. Be3 c4 26. Qd4 Nd7 27. bxc4 Nxe5 28.
fxe5 Bxe5 29. Qd3 Bc3 30. Rxc3 bxc3 31. Qxc3 Rxc4 32. Qxa5 Rc2 33. Bf2 Rxe1+
34. Qxe1 Re2 35. Qd1 Qf6 36. Bd4 Qe7 37. Bf2 Qg5 38. d6 Qf6 39. Ba7 Qc3 40. Bf2
Rd2 41. Qe1 Qd3 42. Qe8+ Kg7 43. Qe5+ Kg8 44. Qe8+ Kg7 1/2-1/2

[Event "Commonwealth Chess Championship 2008"]
[Site "Nagpur India"]
[Date "2008.10.04"]
[Round "?"]
[White "Roy, Saptarshi"]
[Black "Gogineni, Rohit"]
[Result "1/2-1/2"]
[WhiteElo "2404"]
[BlackElo "2457"]
[PlyCount "54"]
[EventDate "2008.09.28"]
[Source "MonRoi"]

1. e4 c5 2. Nf3 d6 3. d4 cxd4 4. Nxd4 a6 5. Bc4 Nf6 6. Nc3 e6 7. Bb3 b5 8. Bg5
Be7 9. Qf3 Qb6 10. O-O-O Nbd7 11. Rhe1 O-O 12. Qh3 Nc5 13. f4 Bb7 14. f5 e5 15.
Nf3 Rac8 16. Bxf6 Bxf6 17. Kb1 Nxb3 18. cxb3 b4 19. Nd5 Bxd5 20. Rxd5 Rc5 21.
Rd2 Rfc8 22. g4 Qc6 23. Qf1 Rc2 24. Rd5 Rxb2+ 25. Kxb2 Qc2+ 26. Ka1 Qc3+ 27.
Kb1 Qc2+ 1/2-1/2

[Event "Commonwealth Chess Championship 2008"]
[Site "Nagpur India"]
[Date "2008.10.04"]
[Round "?"]
[White "Khamparia, Akshat"]
[Black "Kidambi, Sundararajan"]
[Result "1-0"]
[WhiteElo "2305"]
[BlackElo "2446"]
[PlyCount "87"]
[EventDate "2008.09.28"]
[Source "MonRoi"]

1. d4 Nf6 2. c4 e6 3. Nc3 Bb4 4. Qc2 O-O 5. e4 d5 6. e5 Ne4 7. a3 Bxc3+ 8. bxc3
c5 9. Bb2 cxd4 10. cxd4 Qa5+ 11. Ke2 Bd7 12. f3 Ba4 13. Qc1 Rc8 14. Ke3 f6 15.
fxe4 fxe5 16. Qc3 Qd8 17. Nf3 Nc6 18. exd5 exd5 19. Kf2 exd4 20. Nxd4 Ne5 21.
Nf3 Ng4+ 22. Kg1 Qb6+ 23. c5 Qxc5+ 24. Qxc5 Rxc5 25. Bd4 Rc7 26. h3 Nf6 27. Kh2
Ne4 28. Bd3 b6 29. Rac1 Rac8 30. Rxc7 Rxc7 31. Re1 Nc5 32. Bf5 g6 33. Be6+ Nxe6
34. Rxe6 Bc2 35. Rd6 Be4 36. Ng5 Kf8 37. Ne6+ Ke7 38. Nxc7 Kxd6 39. Nb5+ Kc6
40. Nxa7+ Kb7 41. Nb5 Kc6 42. Na7+ Kb7 43. Nb5 Kc6 44. Nc3 1-0

[Event "Commonwealth Chess Championship 2008"]
[Site "Nagpur India"]
[Date "2008.10.04"]
[Round "?"]
[White "S, Nitin"]
[Black "S P, Sethuraman"]
[Result "1/2-1/2"]
[WhiteElo "2303"]
[BlackElo "2425"]
[PlyCount "57"]
[EventDate "2008.09.28"]
[Source "MonRoi"]

1. g3 e5 2. Bg2 d5 3. d3 Nf6 4. Nf3 Nc6 5. O-O h6 6. c4 Be6 7. cxd5 Nxd5 8.
Nbd2 g6 9. d4 exd4 10. Nb3 Qf6 11. Nfxd4 Nxd4 12. Qxd4 Qxd4 13. Nxd4 Bg7 14.
Nxe6 fxe6 15. e4 Nb4 16. Rd1 O-O 17. Bd2 Nc6 18. Bf4 Rf7 19. Rd2 g5 20. Be3 Ne5
21. Rc1 g4 22. b3 Kh7 23. Rcd1 Bf6 24. Bf4 Raf8 25. Rc2 b6 26. b4 Re7 27. Kf1
Rff7 28. h3 h5 29. hxg4 1/2-1/2

[Event "Commonwealth Chess Championship 2008"]
[Site "Nagpur India"]
[Date "2008.10.04"]
[Round "?"]
[White "Ramana J, Venkata"]
[Black "P, Karthikeyan"]
[Result "0-1"]
[WhiteElo "2205"]
[BlackElo "2402"]
[PlyCount "95"]
[EventDate "2008.09.28"]
[Source "MonRoi"]

1. g3 e5 2. Bg2 d5 3. d3 Nc6 4. Nd2 Be6 5. a3 a5 6. Ngf3 f6 7. h4 Bc5 8. e3
Nge7 9. O-O h6 10. d4 Bb6 11. dxe5 fxe5 12. b3 Bg4 13. Qe1 O-O 14. Bb2 Qd6 15.
Nh2 Bf5 16. e4 dxe4 17. Bxe4 Qg6 18. Kh1 Rae8 19. Bxf5 Nxf5 20. h5 Qf7 21. Ne4
Ncd4 22. Qd1 Qd5 23. Qd3 Qc6 24. Qc4+ Qxc4 25. bxc4 Nxc2 26. Rac1 Ncd4 27. c5
Ba7 28. Ng4 b6 29. cxb6 Bxb6 30. Rfe1 Nf3 31. Red1 N5d4 32. Ne3 c6 33. Kg2 Bc7
34. a4 Rb8 35. Ba3 Rfd8 36. Rc3 Kf7 37. Nc5 Ng5 38. Na6 Rbc8 39. Nxc7 Rxc7 40.
Nc4 Ke6 41. Re3 Rd5 42. Nb6 Nc2 43. Nxd5 cxd5 44. Rb3 d4 45. Rb6+ Kf5 46. Bd6
Rd7 47. Rc6 d3 48. Rxd3 0-1

[Event "Commonwealth Chess Championship 2008"]
[Site "Nagpur India"]
[Date "2008.10.04"]
[Round "?"]
[White "Sohan, Phadke"]
[Black "Hafizulhelmi, Mas"]
[Result "1/2-1/2"]
[WhiteElo "2283"]
[BlackElo "2385"]
[PlyCount "68"]
[EventDate "2008.09.28"]
[Source "MonRoi"]

1. e4 c5 2. Nf3 d6 3. d4 cxd4 4. Nxd4 Nf6 5. Nc3 a6 6. Bc4 e6 7. Bb3 b5 8. Be3
Bb7 9. f4 b4 10. Na4 Bxe4 11. f5 e5 12. Nf3 Bxf5 13. Nxe5 Qe7 14. O-O dxe5 15.
Rxf5 Nbd7 16. Nb6 Rd8 17. Ba4 Qe6 18. Rxf6 gxf6 19. Qd3 Bd6 20. Rd1 Ke7 21.
Nd5+ Ke8 22. Bb6 e4 23. Qf1 f5 24. Qc4 Qe5 25. g3 Rg8 26. Bxd8 Rxg3+ 27. hxg3
Qxg3+ 28. Kf1 Qf3+ 29. Ke1 Bg3+ 30. Kd2 Bf4+ 31. Nxf4 Qxf4+ 32. Ke2 Qf3+ 33.
Ke1 Qg3+ 34. Ke2 Qf3+ 1/2-1/2